<?xml version="1.0" encoding="UTF-8"?>
<record
    xmlns:xsi="http://www.w3.org/2001/XMLSchema-instance"
    xsi:schemaLocation="http://www.loc.gov/MARC21/slim http://www.loc.gov/standards/marcxml/schema/MARC21slim.xsd"
    xmlns="http://www.loc.gov/MARC21/slim">

  <leader>00625nam a2200241Ia 4500</leader>
  <controlfield tag="005">20230426021029.0</controlfield>
  <controlfield tag="008">230125s9999    xx            000 0 und d</controlfield>
  <datafield tag="020" ind1=" " ind2=" ">
    <subfield code="a">978-93-530-6279-8</subfield>
  </datafield>
  <datafield tag="041" ind1=" " ind2=" ">
    <subfield code="a">eng</subfield>
  </datafield>
  <datafield tag="082" ind1=" " ind2=" ">
    <subfield code="a">658.4038011</subfield>
    <subfield code="b">WAL</subfield>
  </datafield>
  <datafield tag="100" ind1=" " ind2=" ">
    <subfield code="a">Wallace P, Ed.</subfield>
    <subfield code="9">117597</subfield>
  </datafield>
  <datafield tag="245" ind1=" " ind2=" ">
    <subfield code="a">Introduction To Information Systems</subfield>
  </datafield>
  <datafield tag="250" ind1=" " ind2=" ">
    <subfield code="a">3rd Ed.</subfield>
  </datafield>
  <datafield tag="260" ind1=" " ind2=" ">
    <subfield code="c">2019</subfield>
    <subfield code="b">Pearson Education</subfield>
    <subfield code="a">Uttar Pradesh</subfield>
  </datafield>
  <datafield tag="300" ind1=" " ind2=" ">
    <subfield code="a">420p</subfield>
    <subfield code="c">Paper Back</subfield>
  </datafield>
  <datafield tag="440" ind1=" " ind2=" ">
    <subfield code="v">10</subfield>
  </datafield>
  <datafield tag="500" ind1=" " ind2=" ">
    <subfield code="a">MIS
</subfield>
  </datafield>
  <datafield tag="650" ind1=" " ind2=" ">
    <subfield code="a">Management Information System</subfield>
  </datafield>
  <datafield tag="700" ind1=" " ind2=" ">
    <subfield code="a">Wallace P, Ed.</subfield>
    <subfield code="9">117597</subfield>
  </datafield>
  <datafield tag="906" ind1=" " ind2=" ">
    <subfield code="b">27</subfield>
  </datafield>
  <datafield tag="942" ind1=" " ind2=" ">
    <subfield code="c">BK</subfield>
  </datafield>
  <datafield tag="999" ind1=" " ind2=" ">
    <subfield code="c">95426</subfield>
    <subfield code="d">95426</subfield>
  </datafield>
  <datafield tag="952" ind1=" " ind2=" ">
    <subfield code="0">0</subfield>
    <subfield code="1">0</subfield>
    <subfield code="4">0</subfield>
    <subfield code="7">0</subfield>
    <subfield code="a">HIMR</subfield>
    <subfield code="b">HIMR</subfield>
    <subfield code="d">2019-02-10</subfield>
    <subfield code="e">Pritam Book Centre</subfield>
    <subfield code="g">559.00</subfield>
    <subfield code="i">10762</subfield>
    <subfield code="l">0</subfield>
    <subfield code="o">658.4038011 WAL B18077</subfield>
    <subfield code="p">HIMR-BK-18077</subfield>
    <subfield code="r">2023-01-25 00:00:00</subfield>
    <subfield code="v">532.00</subfield>
    <subfield code="w">2011-08-17</subfield>
    <subfield code="y">BK</subfield>
    <subfield code="z">B18077</subfield>
  </datafield>
  <datafield tag="952" ind1=" " ind2=" ">
    <subfield code="0">0</subfield>
    <subfield code="1">0</subfield>
    <subfield code="4">0</subfield>
    <subfield code="7">0</subfield>
    <subfield code="a">HIMR</subfield>
    <subfield code="b">HIMR</subfield>
    <subfield code="d">2019-02-10</subfield>
    <subfield code="e">Pritam Book Centre</subfield>
    <subfield code="g">559.00</subfield>
    <subfield code="i">10762</subfield>
    <subfield code="l">0</subfield>
    <subfield code="o">658.4038011 WAL B18078</subfield>
    <subfield code="p">HIMR-BK-18078</subfield>
    <subfield code="r">2023-01-25 00:00:00</subfield>
    <subfield code="v">532.00</subfield>
    <subfield code="w">2011-08-17</subfield>
    <subfield code="y">BK</subfield>
    <subfield code="z">B18078</subfield>
  </datafield>
  <datafield tag="952" ind1=" " ind2=" ">
    <subfield code="0">0</subfield>
    <subfield code="1">0</subfield>
    <subfield code="4">0</subfield>
    <subfield code="7">0</subfield>
    <subfield code="a">HIMR</subfield>
    <subfield code="b">HIMR</subfield>
    <subfield code="d">2019-02-10</subfield>
    <subfield code="e">Pritam Book Centre</subfield>
    <subfield code="g">559.00</subfield>
    <subfield code="i">10762</subfield>
    <subfield code="l">0</subfield>
    <subfield code="o">658.4038011 WAL B18079</subfield>
    <subfield code="p">HIMR-BK-18079</subfield>
    <subfield code="r">2023-01-25 00:00:00</subfield>
    <subfield code="v">532.00</subfield>
    <subfield code="w">2011-08-17</subfield>
    <subfield code="y">BK</subfield>
    <subfield code="z">B18079</subfield>
  </datafield>
  <datafield tag="952" ind1=" " ind2=" ">
    <subfield code="0">0</subfield>
    <subfield code="1">0</subfield>
    <subfield code="2">ddc</subfield>
    <subfield code="4">0</subfield>
    <subfield code="7">0</subfield>
    <subfield code="a">HIMR</subfield>
    <subfield code="b">HIMR</subfield>
    <subfield code="d">2019-02-10</subfield>
    <subfield code="e">Pritam Book Centre</subfield>
    <subfield code="g">559.00</subfield>
    <subfield code="i">10762</subfield>
    <subfield code="o">658.4038011 WAL B18080</subfield>
    <subfield code="p">HIMR-BK-18080</subfield>
    <subfield code="r">2023-01-25 00:00:00</subfield>
    <subfield code="v">532.00</subfield>
    <subfield code="w">2011-08-17</subfield>
    <subfield code="y">BK</subfield>
    <subfield code="z">B18080</subfield>
  </datafield>
  <datafield tag="952" ind1=" " ind2=" ">
    <subfield code="0">0</subfield>
    <subfield code="1">0</subfield>
    <subfield code="4">0</subfield>
    <subfield code="7">0</subfield>
    <subfield code="a">HIMR</subfield>
    <subfield code="b">HIMR</subfield>
    <subfield code="d">2019-02-10</subfield>
    <subfield code="e">Pritam Book Centre</subfield>
    <subfield code="g">559.00</subfield>
    <subfield code="i">10762</subfield>
    <subfield code="l">0</subfield>
    <subfield code="o">658.4038011 WAL B18081</subfield>
    <subfield code="p">HIMR-BK-18081</subfield>
    <subfield code="r">2023-01-25 00:00:00</subfield>
    <subfield code="v">532.00</subfield>
    <subfield code="w">2011-08-17</subfield>
    <subfield code="y">BK</subfield>
    <subfield code="z">B18081</subfield>
  </datafield>
  <datafield tag="952" ind1=" " ind2=" ">
    <subfield code="0">2</subfield>
    <subfield code="1">0</subfield>
    <subfield code="4">0</subfield>
    <subfield code="7">0</subfield>
    <subfield code="a">HIMR</subfield>
    <subfield code="b">HIMR</subfield>
    <subfield code="d">2019-02-10</subfield>
    <subfield code="e">Pritam Book Centre</subfield>
    <subfield code="g">559.00</subfield>
    <subfield code="i">10762</subfield>
    <subfield code="o">658.4038011 WAL B18082</subfield>
    <subfield code="p">HIMR-BK-18082</subfield>
    <subfield code="r">2023-01-25 00:00:00</subfield>
    <subfield code="v">532.00</subfield>
    <subfield code="w">2011-08-17</subfield>
    <subfield code="y">BK</subfield>
    <subfield code="z">B18082</subfield>
  </datafield>
  <datafield tag="952" ind1=" " ind2=" ">
    <subfield code="0">2</subfield>
    <subfield code="1">0</subfield>
    <subfield code="4">0</subfield>
    <subfield code="7">0</subfield>
    <subfield code="a">HIMR</subfield>
    <subfield code="b">HIMR</subfield>
    <subfield code="d">2019-02-10</subfield>
    <subfield code="e">Pritam Book Centre</subfield>
    <subfield code="g">559.00</subfield>
    <subfield code="i">10762</subfield>
    <subfield code="o">658.4038011 WAL B18083</subfield>
    <subfield code="p">HIMR-BK-18083</subfield>
    <subfield code="r">2023-01-25 00:00:00</subfield>
    <subfield code="v">532.00</subfield>
    <subfield code="w">2011-08-17</subfield>
    <subfield code="y">BK</subfield>
    <subfield code="z">B18083</subfield>
  </datafield>
  <datafield tag="952" ind1=" " ind2=" ">
    <subfield code="0">2</subfield>
    <subfield code="1">0</subfield>
    <subfield code="4">0</subfield>
    <subfield code="7">0</subfield>
    <subfield code="a">HIMR</subfield>
    <subfield code="b">HIMR</subfield>
    <subfield code="d">2019-02-10</subfield>
    <subfield code="e">Pritam Book Centre</subfield>
    <subfield code="g">559.00</subfield>
    <subfield code="i">10762</subfield>
    <subfield code="o">658.4038011 WAL B18084</subfield>
    <subfield code="p">HIMR-BK-18084</subfield>
    <subfield code="r">2023-01-25 00:00:00</subfield>
    <subfield code="v">532.00</subfield>
    <subfield code="w">2011-08-17</subfield>
    <subfield code="y">BK</subfield>
    <subfield code="z">B18084</subfield>
  </datafield>
  <datafield tag="952" ind1=" " ind2=" ">
    <subfield code="0">2</subfield>
    <subfield code="1">0</subfield>
    <subfield code="4">0</subfield>
    <subfield code="7">0</subfield>
    <subfield code="a">HIMR</subfield>
    <subfield code="b">HIMR</subfield>
    <subfield code="d">2019-02-10</subfield>
    <subfield code="e">Pritam Book Centre</subfield>
    <subfield code="g">559.00</subfield>
    <subfield code="i">10762</subfield>
    <subfield code="o">658.4038011 WAL B18085</subfield>
    <subfield code="p">HIMR-BK-18085</subfield>
    <subfield code="r">2023-01-25 00:00:00</subfield>
    <subfield code="v">532.00</subfield>
    <subfield code="w">2011-08-17</subfield>
    <subfield code="y">BK</subfield>
    <subfield code="z">B18085</subfield>
  </datafield>
  <datafield tag="952" ind1=" " ind2=" ">
    <subfield code="0">2</subfield>
    <subfield code="1">0</subfield>
    <subfield code="4">0</subfield>
    <subfield code="7">0</subfield>
    <subfield code="a">HIMR</subfield>
    <subfield code="b">HIMR</subfield>
    <subfield code="d">2019-02-10</subfield>
    <subfield code="e">Pritam Book Centre</subfield>
    <subfield code="g">559.00</subfield>
    <subfield code="i">10762</subfield>
    <subfield code="o">658.4038011 WAL B18086</subfield>
    <subfield code="p">HIMR-BK-18086</subfield>
    <subfield code="r">2023-01-25 00:00:00</subfield>
    <subfield code="v">532.00</subfield>
    <subfield code="w">2011-08-17</subfield>
    <subfield code="y">BK</subfield>
    <subfield code="z">B18086</subfield>
  </datafield>
</record>
